000 00298nam a22001337a 4500
008 180205b xxu||||| |||| 00| 0 eng d
020 _a9781256563280
041 _aeng
080 _a004
100 _a30
101 _ashk
245 _athe pearson custom program
_cmartin.m
942 _2udc
_cBK
999 _c41710
_d41710